000 00360pam a2200133 a 4500
020 _a0-07-463570-0
_c
041 _h
082 _a658.0072
_bCOO/SCH
100 _aCOOPER D.R.,SCHINDLER P.S.,
245 _aBUSINESS RESEARCH METHODS
_hTextual Documents
260 _aNEW DELHI
_bTATA MCGRAW-HILL PUBLISHING CO. LTD.
_c1998
300 _aXVI+703
930 _a5992
999 _c125463
_d125463